• 首页
  • 本馆介绍
  • 公告通知
  • 最新文献
  • 馆藏检索
  • 电子资源
  • 读者导购
  • 参考咨询
  • 我的图书馆
  • 登录
  • 详细信息显示
  • 放入我的书架
  • 预约/预借图书
  • 作者相关作品
  • 分类相关作品
  • 丛书相关作品
  • 出版社相关作品

书目信息

  • 表格格式
  • 工作单格式
  • 卡片格式
题名:
蓝色星球
    
 
作者: ;CCTV教科文行动编写组 编
分册:  
出版信息: 上海   上海科学技术文献出版社  2014
页数: 205页
开本: 23cm
丛书名: CCTV教科文行动
单 册:
中图分类: P183-49
科图分类:
主题词: 地球--Di Qiu--普及读物
电子资源:
ISBN: 978-7-5439-6278-1
000 01058nam 2200289 450
001 340202
005 20150625105832.45
010    @a978-7-5439-6278-1@dCNY30.00
100    @a20140815d2014 em y0chiy50 ea
101 0  @achi
102    @aCN@b310000
105    @aa z 000yy
106    @ar
200 1  @a蓝色星球@ALan Se Xing Qiu@e极具挑战的地球故事@fCCTV《教科文行动》编写组编
210    @a上海@c上海科学技术文献出版社@d2014
215    @a205页@c图 (部分彩图)@d23cm
225 2  @aCCTV教科文行动@ACCTV Jiao Ke Wen Xing Dong
300    @a给头脑的基本储存
314    @a书中题:主编张文达
330    @a本书内容包括: 蓝色星球、蓝色海洋、南极、北极、地球第三极、火山、湿地、世界自然奇观、非洲丛林的秘密、热带经济作物、化石——地球演化的证据。
410  0 @12001 @aCCTV教科文行动
517 1  @a极具挑战的地球故事@AJi Ju Tiao Zhan De Di Qiu Gu Shi
606 0  @a地球@ADi Qiu@j普及读物
690    @aP183-49@v5
711 02 @aCCTV教科文行动编写组@ACCTV Jiao Ke Wen Xing Dong Bian Xie Zu@4编
801  0 @aCN@b卓展宏图@c20150525
905    @dP183-49@e167@f4
    
    蓝色星球:极具挑战的地球故事/CCTV《教科文行动》编写组编.-上海:上海科学技术文献出版社,2014
    205页:图 (部分彩图);23cm.-(CCTV教科文行动)
    给头脑的基本储存
    
    ISBN 978-7-5439-6278-1:CNY30.00
    本书内容包括: 蓝色星球、蓝色海洋、南极、北极、地球第三极、火山、湿地、世界自然奇观、非洲丛林的秘密、热带经济作物、化石——地球演化的证据。
●
相关链接 在E读中查询图书 在五车中查询图书 在当当中查询图书 在豆瓣中查询图书


正题名:蓝色星球     索取号:P183-49/167         预约/预借

序号 登录号 条形码 馆藏地/架位号 状态 备注
1 864730   208647302   第二样本阅览室/ [索取号:P183-49/167] 在馆    
2 864731   208647311   第三借阅区/ [索取号:P183-49/167] 在馆    
3 864732   208647320   第三借阅区/ [索取号:P183-49/167] 在馆    
4 864733   208647339   第三借阅区/ [索取号:P183-49/167] 在馆    
唐山师范学院图书馆 欢迎您!
大连网信软件有限公司© 版权所有